London Underground by Any 3 Letters Quiz Stats

 Plays Quiz Updated Jun 25, 2018

Score 0/268 Timer 05:00
2 Plays Today
Station % Correct
West Kensington
97.2%
West Acton
97.2%
West Ruislip
96.9%
South Kensington
96.8%
Westbourne Park
96.8%
South Ealing
96.8%
West Hampstead
96.7%
North Ealing
96.7%
High Street Kensington
96.5%
South Kenton
96.5%
East Acton
96.5%
West Ham
96.4%
West Brompton
96.4%
Clapham South
96.4%
Great Portland Street
96.3%
Clapham North
96.3%
Boston Manor
96.2%
Dagenham East
96.2%
North Greenwich
96.2%
North Acton
96.1%
Northwick Park
96%
Westminster
95.8%
West Harrow
95.7%
West Finchley
95.7%
East Ham
95.6%
North Wembley
95.5%
Northwood Hills
95.4%
South Wimbledon
95.4%
North Weald
95.4%
Hounslow West
95.3%
South Woodford
95.3%
Aldgate East
95.3%
Walthamstow Central
95.1%
Mill Hill East
95%
Tottenham Court Road
94.9%
South Harrow
94.9%
Harrow & Wealdstone
94.8%
Ruislip Manor
94.7%
Southwark
94.7%
Stonebridge Park
94.7%
Southgate
94.6%
North Harrow
94.6%
East Finchley
94.5%
Parsons Green
94.5%
Manor House
94.5%
South Ruislip
94.4%
Hounslow East
94.4%
Northolt
94.4%
Northwood
94.3%
Fulham Broadway
94%
Lambeth North
94%
East Putney
93.8%
Holland Park
93.7%
Green Park
93.7%
Southfields
93.2%
Turnham Green
93.2%
Neasden
93%
Northfields
92.9%
Wembley Park
92.7%
Cannon Street
92.7%
Dagenham Heathway
92.7%
Ealing Broadway
92.7%
Eastcote
92.4%
Totteridge & Whetstone
92.3%
Wimbledon Park
92.2%
Barkingside
92%
Highbury & Islington
92%
Canons Park
91.9%
Barking
91.9%
King's Cross St. Pancras
91.6%
Tooting Broadway
91.6%
Queen's Park
91.5%
Baker Street
91.4%
Euston Square
91.4%
Warren Street
91.3%
Finsbury Park
91.3%
Upton Park
91.2%
St. James's Park
91%
Goodge Street
90.8%
Liverpool Street
90.8%
Preston Road
90.8%
Charing Cross
90.8%
Chiswick Park
90.8%
Woodside Park
90.7%
Kensal Green
90.6%
Tottenham Hale
90.5%
Bond Street
90.5%
Willesden Green
90.3%
Clapham Common
90.3%
Mornington Crescent
90.2%
Station % Correct
Newbury Park
90.1%
Notting Hill Gate
90%
Ravenscourt Park
90%
Canning Town
89.9%
Kensington Olympia
89.9%
Gloucester Road
89.8%
Old Street
89.8%
Canada Water
89.8%
Ickenham
89.7%
Lancaster Gate
89.7%
Acton Town
89.7%
Holloway Road
89.6%
Kennington
89.5%
Kilburn Park
89.3%
Hyde Park Corner
89.3%
Stratford
89.2%
Regent's Park
89.1%
Edgware Road
89.1%
Upminster Bridge
89%
Wood Green
89%
Moor Park
89%
Golders Green
88.9%
Finchley Road
88.6%
Belsize Park
88%
Tufnell Park
87.6%
London Bridge
87.6%
Stepney Green
87.6%
Greenford
87.5%
Caledonian Road
87.4%
Kenton
87.4%
Park Royal
87.4%
Wembley Central
87.3%
Kingsbury
87.3%
Leicester Square
87.3%
Blackhorse Road
87.1%
Kentish Town
87.1%
Camden Town
87%
Elm Park
86.9%
Harrow-on-the-Hill
86.7%
Chesham
86.7%
Brixton
86.6%
Amersham
86.5%
Euston
86.4%
Bethnal Green
86.1%
Paddington
85.8%
Goldhawk Road
85.6%
Hillingdon
85.6%
Heathrow Terminals 123
85.6%
Hampstead
85.4%
Heathrow Terminal 4
85.4%
Heathrow Terminal 5
85.4%
Tower Hill
85.3%
Ealing Common
85.3%
Bounds Green
85.3%
Chancery Lane
85%
Finchley Central
84.9%
Bayswater
84.9%
Hounslow Central
84.5%
Waterloo
84.4%
Balham
84.3%
Hatton Cross
84.2%
Hammersmith
83.9%
Grange Hill
83.6%
Leytonstone
83.6%
Wood Lane
83.5%
Hendon Central
82.8%
Latimer Road
82.8%
Stamford Brook
82.7%
Chalfont & Latimer
82.6%
Bow Road
82%
Hanger Lane
81.9%
High Barnet
81.4%
Highgate
81.3%
Watford
80.9%
Aldgate
80.6%
Sudbury Hill
80.6%
Queensway
80.5%
Sudbury Town
80.4%
Barbican
80.3%
Ruislip Gardens
80.1%
Farringdon
79.9%
Putney Bridge
79.8%
Redbridge
79.5%
Knightsbridge
79.2%
Oxford Circus
79.1%
Chorleywood
78.6%
Canary Wharf
78.6%
Barons Court
78.4%
Leyton
78.3%
Roding Valley
78.3%
Station % Correct
Woodford
78.3%
Queensbury
78.2%
Plaistow
78.2%
Uxbridge
78%
Alperton
77.8%
Covent Garden
77.4%
Marble Arch
77.2%
Gants Hill
77.2%
Osterley
77%
Mansion House
76.9%
Buckhurst Hill
76.8%
Rayners Lane
76.7%
Embankment
76.7%
Upminster
76.6%
Shepherd's Bush Market
76.5%
Dollis Hill
76.4%
Chigwell
75.9%
Moorgate
75.7%
Rickmansworth
75.7%
Cockfosters
75.5%
Loughton
75.4%
Turnpike Lane
75.4%
Willesden Junction
75.2%
Chalk Farm
74.9%
Elephant & Castle
74.9%
Colliers Wood
74.7%
Morden
74.5%
Piccadilly Circus
74.3%
Wimbledon
74.3%
Harlesden
74%
Sloane Square
73.9%
Bromley-by-Bow
73.6%
Tooting Bec
73.6%
Russell Square
73.2%
Kew Gardens
73.1%
Seven Sisters
73%
Whitechapel
72.9%
St. John's Wood
72%
Warwick Avenue
71.6%
Marylebone
71.6%
Brent Cross
71.4%
Blackfriars
71.1%
Oakwood
71.1%
Stanmore
70.9%
Croxley
70.8%
Epping
70.2%
Archway
68.8%
Edgware
68.8%
Theydon Bois
68.2%
Bank
67.2%
Bermondsey
67.1%
Snaresbrook
66.4%
Ladbroke Grove
66.2%
Richmond
64.1%
Earl's Court
63.7%
Holborn
62.9%
Gunnersbury
62.5%
Monument
62.4%
Stockwell
61.6%
Debden
61.6%
White City
60.4%
Victoria
60.2%
Wanstead
59.7%
Mile End
58.6%
Burnt Oak
58%
Perivale
57.4%
Vauxhall
56.8%
Shepherd's Bush
56.8%
Arsenal
56.6%
Ruislip
56.3%
Colindale
56.1%
Kilburn
55%
Maida Vale
53.8%
Borough
53.5%
Angel
51.9%
Becontree
51.4%
Arnos Grove
51.2%
Hornchurch
50.4%
Oval
48.8%
St. Paul's
47.6%
Royal Oak
46.9%
Upney
44.7%
Pimlico
43.5%
Pinner
42.4%
Swiss Cottage
40.8%
Hainault
38.4%
Temple
36.9%
Fairlop
34.3%

You're not logged in!

Compare scores with friends on all Sporcle quizzes.
OR
Log In

Sporcle TV

Today on Sporcle TV


Watch our educational content, quiz creation guides, and fun videos on Sporcle TV.

Show Comments

Extras

Top Quizzes Today


Score Distribution

Your Account Isn't Verified!

In order to create a playlist on Sporcle, you need to verify the email address you used during registration. Go to your Sporcle Settings to finish the process.

Report this User

Report this user for behavior that violates our Community Guidelines.

Details: